Principles of polymer science
Principles of Polymer Science introduces several basic and advanced aspects of polymers for the undergraduate and graduate students in chemistry, chemical engineering and materials science. The second and thoroughly revised edition includes the technical aspects of synthesis, characterization, behav...
Đã lưu trong:
| 主要作者: | |
|---|---|
| 格式: | 圖書 |
| 語言: | Undetermined |
| 出版: |
Oxford, U.K.
Alpha Science International
2006
|
| 主題: | |
| 標簽: |
添加標簽
沒有標簽, 成為第一個標記此記錄!
|
| Thư viện lưu trữ: | Trung tâm Học liệu Trường Đại học Cần Thơ |
|---|
| LEADER | 00993nam a2200193Ia 4500 | ||
|---|---|---|---|
| 001 | CTU_117484 | ||
| 008 | 210402s9999 xx 000 0 und d | ||
| 082 | |a 547.7 | ||
| 082 | |b B151 | ||
| 100 | |a Bahadur, P. | ||
| 245 | 0 | |a Principles of polymer science | |
| 245 | 0 | |c P. Bahadur, N.V. Sastry | |
| 260 | |a Oxford, U.K. | ||
| 260 | |b Alpha Science International | ||
| 260 | |c 2006 | ||
| 520 | |a Principles of Polymer Science introduces several basic and advanced aspects of polymers for the undergraduate and graduate students in chemistry, chemical engineering and materials science. The second and thoroughly revised edition includes the technical aspects of synthesis, characterization, behaviour and technology in a straightforward and lucid manner. Separate chapters on natural, inorganic and specialty polymers would attract readers from interdisciplinary courses | ||
| 650 | |a Polymerization,Polymers | ||
| 904 | |i Tuyến | ||
| 980 | |a Trung tâm Học liệu Trường Đại học Cần Thơ | ||